| 000 | 00923nas a2200301 4500 | ||
|---|---|---|---|
| 001 | BR9903172 | ||
| 003 | BR-BrBNA | ||
| 005 | 20231205101451.0 | ||
| 007 | ta | ||
| 008 | 230509b bl.|||p| |||| 00| 00por d | ||
| 040 |
_aBR-BrBNA _bpor _cBiblioteca Nacional de Agricultura |
||
| 041 | _a(En) | ||
| 072 | _aL73 | ||
| 100 | 1 | _aLaus, J.L. | |
| 100 | 1 | _aGalera, P.D. | |
| 100 | 1 | _aSchocken-Iturrino, R.P. | |
| 100 | 1 | _aCavassani, M. de M. | |
| 100 | 1 | _aAndrade, A.L. de | |
| 245 | 1 | _aBilateral lamellar keratoplasty in descemetocele treatment in dog with botulism by use of equine renal capsule and conjunctival pedicle graft | |
| 650 | _aCao | ||
| 650 | _aBotulismo | ||
| 650 | _aCirurgia | ||
| 650 | _aOlho | ||
| 650 | _aTransplante | ||
| 773 | 0 |
_tCiencia Rural (Brazil) _xISSN 0103-8478 _g(May-Jun 1999), v. 29(2) p. 355-359 _wBR9903172 |
|
| 909 |
_a202311 _bLúcia _c55 _dLúcia Elande |
||
| 942 |
_2AGRIS _n0 _cANA |
||
| 999 |
_c162034 _d162034 |
||